| 000 | 00383nam a2200133Ia 4500 | ||
|---|---|---|---|
| 008 | 231228s1993 xx 000 0 und d | ||
| 041 | _aeng | ||
| 082 |
_a658.4`038 _bPAR |
||
| 100 | _aPARKER (Charles) / CASE (Thomas) | ||
| 245 | _aManagement Information Systems, Strategy and Action | ||
| 250 | _a2nd | ||
| 260 |
_aNew York _bMc Graw Hill New York, _c1993 |
||
| 300 | _axxiii, 888 | ||
| 999 |
_c1083067 _d1083067 |
||